La Sierra de la Demanda y los Montes Obarenes / (Record no. 140070)

MARC details
000 -LEADER
campo de control de longitud fija 00824nam a2200217 i 4500
001 - NÚMERO DE CONTROL
campo de control 140070
003 - IDENTIFICADOR DE NÚMERO DE CONTROL
campo de control ES-MaACL
005 - FECHA Y HORA DE LA ÚLTIMA TRANSACCIÓN
campo de control 20230906200010.0
007 - CAMPO FIJO DE DESCRIPCIÓN FÍSICA--INFORMACIÓN GENERAL
campo de control de longitud fija t|
008 - DATOS DE LONGITUD FIJA--INFORMACIÓN GENERAL
campo de control de longitud fija 070214s1945 sp af |||| | spa d
100 1# - ENTRADA PRINCIPAL--NOMBRE DE PERSONA
Nombre de persona Schriel, Walter.
9 (RLIN) 104708
245 13 - MENCIÓN DEL TÍTULO
Título La Sierra de la Demanda y los Montes Obarenes /
Mención de responsabilidad, etc. Walter Schriel ; traducción de L. García Sainz, J.G. de Llarena.
260 ## - PUBLICACIÓN, DISTRIBUCIÓN, ETC.
Lugar de publicación, distribución, etc. Madrid :
Nombre del editor, distribuidor, etc. [s.n.],
Fecha de publicación, distribución, etc. 1945.
300 ## - DESCRIPCIÓN FÍSICA
Extensión 132 p., 9 lám. :
Otras características físicas il. ;
Dimensiones 26 cm.
500 ## - NOTA GENERAL
Nota general Precede al tít.: Consejo Superior de Investigaciones Científicas. Instituto Juan Sebastián Elcano de Geografía.
651 #4 - PUNTO DE ACCESO ADICIONAL DE MATERIA--NOMBRE GEOGRÁFICO
Nombre geográfico Burgos (Provincia)-
Subdivisión general Geografía.
9 (RLIN) 7906
700 1# - ENTRADA AGREGADA--NOMBRE PERSONAL
Nombre de persona García Sainz, L.
9 (RLIN) 55247
700 1# - ENTRADA AGREGADA--NOMBRE PERSONAL
Nombre de persona Llarena, J. G. de.
9 (RLIN) 72724
710 2# - ENTRADA AGREGADA--NOMBRE DE ENTIDAD CORPORATIVA
Nombre de entidad corporativa o nombre de jurisdicción como elemento de entrada Instituto "Juan Sebastián Elcano"
9 (RLIN) 5113
852 ## - LOCALIZACIÓN
Ubicación ES-MaACL
Número de control de estantería 1900-F-2
Holdings
Estatus retirado Estado de pérdida Estado de daño No para préstamo Colección Biblioteca de origen Biblioteca actual Ubicación en estantería Fecha de adquisición Fuente de adquisición Total de préstamos Signatura topográfica completa Código de barras Visto por última vez Precio de reemplazo Tipo de ítem Koha
        Colección de folletos Biblioteca del Ateneo de Madrid Biblioteca del Ateneo de Madrid Depósito folletos 17/01/2008     1900-F-2 1145762 23/02/2023 23/02/2023 Folleto